| 000 | 00811nam a2200229Ia 4500 | ||
|---|---|---|---|
| 003 | OSt | ||
| 005 | 20220918105423.0 | ||
| 006 | a|||||r|||| 00| 0 | ||
| 007 | ta | ||
| 008 | 220915b |||||||| |||| 00| 0 hin d | ||
| 024 | _a93,155 | ||
| 037 | _cReference Collections | ||
| 040 |
_aARTS _cARTS _bhin |
||
| 041 |
_2hin _ahin |
||
| 082 | _aP150m156,3:4k, M5(RR) | ||
| 100 |
_aजोशी, रजनीकान्त, ले. _91282 |
||
| 245 | 0 | _aहिन्दी - गुजराती की समानस्रोतीय शब्दावली | |
| 246 | _aHindī - gujarātī kī samānasrotīya shabdāvalī | ||
| 260 | _c1985 | ||
| 942 |
_hP150m156,3:4k, M5(RR) _cREF |
||
| 999 |
_c107008 _d107008 |
||